Catálogo de libros mexicanos presentados en la Exposición del Libro Mexicano (Record no. 61538)

MARC details
000 -LEADER
campo de control de longitud fija 00770nam a2200193 i 4500
001 - NÚMERO DE CONTROL
campo de control 61538
003 - IDENTIFICADOR DE NÚMERO DE CONTROL
campo de control ES-MaACL
005 - FECHA Y HORA DE LA ÚLTIMA TRANSACCIÓN
campo de control 20230906164459.0
007 - CAMPO FIJO DE DESCRIPCIÓN FÍSICA--INFORMACIÓN GENERAL
campo de control de longitud fija t|
008 - DATOS DE LONGITUD FIJA--INFORMACIÓN GENERAL
campo de control de longitud fija 031112s1950 dr b |||| | spa d
111 2# - ENTRADA PRINCIPAL--NOMBRE DE CONGRESO/REUNIÓN
Nombre de congreso/reunión o jurisdicción como elemento de entrada Exposición del Libro Mexicano (
Fecha del congreso o de la firma del tratado 1950.
Sede del congreso/Lugar de la reunión Ciudad Trujillo)
9 (RLIN) 685
245 10 - MENCIÓN DEL TÍTULO
Título Catálogo de libros mexicanos presentados en la Exposición del Libro Mexicano
Resto del título : organizado por la Biblioteca de la Universidad para conmemorar en 140º aniversario de la Revolución Mexicana.
260 ## - PUBLICACIÓN, DISTRIBUCIÓN, ETC.
Lugar de publicación, distribución, etc. Ciudad Trujillo :
Nombre del editor, distribuidor, etc. Montalvo,
Fecha de publicación, distribución, etc. 1950.
300 ## - DESCRIPCIÓN FÍSICA
Extensión 84 p. ;
Dimensiones 24 cm.
500 ## - NOTA GENERAL
Nota general Precede al tít.: Universidad de Santo Domingo.
650 #4 - PUNTO DE ACCESO ADICIONAL DE MATERIA--TÉRMINO DE MATERIA
Término de materia o nombre geográfico como elemento de entrada Bibliografías mexicanas.
9 (RLIN) 169324
710 2# - ENTRADA AGREGADA--NOMBRE DE ENTIDAD CORPORATIVA
Nombre de entidad corporativa o nombre de jurisdicción como elemento de entrada Universidad de Santo Domingo.
9 (RLIN) 7299
852 ## - LOCALIZACIÓN
Ubicación ES-MaACL
Número de control de estantería 2006-F-9
Holdings
Estatus retirado Estado de pérdida Fuente del sistema de clasificación o colocación Estado de daño No para préstamo Colección Biblioteca de origen Biblioteca actual Ubicación en estantería Fecha de adquisición Total de préstamos Signatura topográfica completa Código de barras Visto por última vez Precio de reemplazo Tipo de ítem Koha
    Clasificación decimal universal     Colección de folletos Biblioteca del Ateneo de Madrid Biblioteca del Ateneo de Madrid Depósito folletos 17/01/2008   2006-F-9 1064525 23/02/2023 23/02/2023 Folleto